=LDR 00000nam 2200000 4500 =001 INLIS000000000020900 =005 20130612115817 =008 ***********************************Ind** =035 ##$$0010-061300000020900 =041 ##$$a Ind =082 ##$$a 342 =090 ##$$a 342, Tik h =100 ##$$a Tikok, Sumbodo =245 ##$$a Hukum tatanegara, Sumbodo Titik =260 ##$$a 1988 $b Bandung =300 ##$$a v, 267 hlm, 21 cm =650 ##$$a Hukum Tata Negara =850 ##$$a NBPNMAT